[Event "WchT Rapid"]
[Site "London"]
[Date "2025.06.12"]
[Round "7.5"]
[White "Nurgaliyeva, Zarina"]
[Black "Lahav, Michal"]
[Result "1-0"]
[WhiteElo "2081"]
[BlackElo "2100"]
[PlyCount "65"]
[EventDate "2025.06.11"]
[EventType "team-swiss"]
[EventRounds "12"]
[EventCountry "ENG"]
[SourceTitle "CB25_2025"]
[SourceDate "2025.06.18"]
[SourceVersion "1"]
[SourceVersionDate "2025.06.18"]
[SourceQuality "1"]
[WhiteTeam "Rookies"]
[BlackTeam "Rishon LeZion"]
[WhiteTeamCountry "KAZ"]
[BlackTeamCountry "ISR"]

1. e4 e6 2. d4 d5 3. e5 c5 4. c3 Nc6 5. Nf3 Nge7 6. Na3 cxd4 7. cxd4 Nf5 8. Nc2 Bd7 9. Be2 Nb4 10. 0-0 Nxc2 11. Qxc2 Be7 12. Kh1 Qb6 13. Qd1 Bb5 14. Bd3 Qa6 15. Bxb5+ Qxb5 16. Bd2 0-0 17. Bc3 Rfc8 18. g4 Nh4 19. Nxh4 Bxh4 20. f4 Be7 21. f5 Bf8 22. Qf3 Rc7 23. Rf2 Rac8 24. Raf1 h6 25. fxe6 fxe6 26. g5 hxg5 27. Qg4 Qa6 28. Qxg5 Qd3 29. Kg1 Be7 30. Qg4 Kh7 31. Rf3 Qa6 32. Qh5+ Kg8 33. Qf7+ 1-0

[Event "WchT Rapid"]
[Site "London"]
[Date "2025.06.11"]
[Round "1.5"]
[White "Nurgaliyeva, Zarina"]
[Black "Ciocan, Maria Alexandra"]
[Result "1-0"]
[WhiteElo "2081"]
[BlackElo "1924"]
[PlyCount "101"]
[EventDate "2025.06.11"]
[EventType "team-swiss"]
[EventRounds "12"]
[EventCountry "ENG"]
[SourceTitle "CB25_2025"]
[SourceDate "2025.06.18"]
[SourceVersion "1"]
[SourceVersionDate "2025.06.18"]
[SourceQuality "1"]
[WhiteTeam "Rookies"]
[BlackTeam "Hammersmith"]
[WhiteTeamCountry "KAZ"]
[BlackTeamCountry "ENG"]

1. e4 e6 2. d4 d5 3. Nd2 Nf6 4. e5 Nfd7 5. Bd3 c5 6. c3 Nc6 7. Ne2 cxd4 8. cxd4 f6 9. exf6 Nxf6 10. Nf3 Bd6 11. 0-0 0-0 12. Bf4 Bxf4 13. Nxf4 Qd6 14. Ne2 Bd7 15. Ng3 Qf4 16. Bb5 Rae8 17. Qc1 Ne4 18. Qxf4 Rxf4 19. Rfe1 Nd6 20. Bxc6 Bxc6 21. Ne2 Rf6 22. Ne5 Bb5 23. Nc3 Ba6 24. Rad1 b6 25. Nf3 Bb7 26. Rd2 h6 27. Rde2 Nf5 28. Re5 Kf7 29. Nb5 a6 30. Nc3 g5 31. h3 Bc6 32. R5e2 Bb7 33. Na4 b5 34. Nc5 Bc8 35. Rc2 Kg6 36. Nd3 Nd6 37. Rc7 h5 38. Rec1 g4 39. hxg4 hxg4 40. Nfe5+ Kf5 41. Rg7 Rh8 42. Rxg4 Rfh6 43. Rf4+ Kg5 44. Nf3+ Kg6 45. Nde5+ Kg7 46. Rc7+ Kg8 47. Rg4+ Kf8 48. Ng6+ Ke8 49. Nxh8 Rxh8 50. Ne5 Nf5 51. Rxc8+ 1-0

[Event "KAZ-ch (Women)"]
[Site "Astana"]
[Date "2025.05.21"]
[Round "1"]
[White "Nurgaliyeva, Zarina"]
[Black "Assylkhan, Asiya"]
[Result "1-0"]
[WhiteElo "2235"]
[BlackElo "1939"]
[PlyCount "61"]
[EventDate "2025.05.21"]
[EventType "tourn"]
[EventRounds "13"]
[EventCountry "KAZ"]
[SourceTitle "CB24_2025"]
[SourceDate "2025.06.11"]
[SourceVersion "1"]
[SourceVersionDate "2025.06.11"]
[SourceQuality "1"]

1. e4 e6 2. d4 d5 3. Nd2 c5 4. Ngf3 Nc6 5. exd5 exd5 6. Be2 Nf6 7. 0-0 Be7 8. dxc5 Bxc5 9. Nb3 Be7 10. Nbd4 0-0 11. c3 Bg4 12. Be3 Re8 13. Qc2 Qc8 14. Rad1 Bc5 15. h3 Bh5 16. Nf5 Bg6 17. Bd3 Ne4 18. N3h4 Bxf5 19. Nxf5 Qxf5 20. Bxc5 Ne5 21. Be3 Nc4 22. Bd4 Qg5 23. b3 Ncd2 24. f4 Qh4 25. Rxd2 Nxd2 26. Qxd2 Re6 27. f5 Rh6 28. f6 g5 29. Be3 Rh5 30. Be2 g4 31. Bxg4 1-0

[Event "Asia-ch (Women)"]
[Site "Al Ain"]
[Date "2025.05.10"]
[Round "4"]
[White "Nurgaliyeva, Zarina"]
[Black "Song, Yuxin"]
[Result "0-1"]
[WhiteElo "2235"]
[BlackElo "2397"]
[PlyCount "72"]
[EventDate "2025.05.07"]
[EventType "swiss"]
[EventRounds "9"]
[EventCountry "UAE"]
[SourceTitle "CB21_2025"]
[SourceDate "2025.05.21"]
[SourceVersion "1"]
[SourceVersionDate "2025.05.21"]
[SourceQuality "1"]

1. e4 c5 2. Nf3 Nc6 3. Bb5 e6 4. b3 Nge7 5. Bb2 a6 6. Bxc6 Nxc6 7. 0-0 b5 8. Qe2 Bb7 9. Rd1 Qc7 10. c4 bxc4 11. Qxc4 Rc8 12. Na3 f6 13. Rac1 Nb4 14. Ra1 Be7 15. Qe2 0-0 16. Rdc1 f5 17. d3 Bf6 18. Bxf6 Rxf6 19. Ne1 fxe4 20. dxe4 Rcf8 21. f3 d5 22. exd5 exd5 23. Nac2 Rh6 24. h3 Nc6 25. Nd3 Bc8 26. Nf2 Qg3 27. Nh1 Qg6 28. Rd1 d4 29. Qc4+ Be6 30. Qxc5 Bxh3 31. Rd2 Rh5 32. Qc4+ Kh8 33. Rad1 Ne5 34. Qd5 Nxf3+ 35. Qxf3 Rxf3 36. Nxd4 Rd3 0-1

[Event "Karlsruhe Grenke op"]
[Site "Karlsruhe"]
[Date "2025.04.18"]
[Round "3"]
[White "Nurgaliyeva, Zarina"]
[Black "Schneider, Ilja"]
[Result "1-0"]
[WhiteElo "2199"]
[BlackElo "2408"]
[PlyCount "47"]
[EventDate "2025.04.17"]
[EventType "swiss"]
[EventRounds "9"]
[EventCountry "GER"]
[SourceTitle "CB17_2025"]
[SourceDate "2025.04.23"]
[SourceVersion "1"]
[SourceVersionDate "2025.04.23"]
[SourceQuality "1"]

1. e4 e5 2. Nf3 Nc6 3. Nc3 Nf6 4. Bb5 Bd6 5. a3 0-0 6. d3 Re8 7. h3 Ne7 8. 0-0 c6 9. Bc4 Bc7 10. d4 d6 11. Be3 exd4 12. Bxd4 Nxe4 13. Nxe4 d5 14. Bb3 dxe4 15. Ng5 Qd6 16. Bxf7+ Kf8 17. g3 Rd8 18. Qh5 Bf5 19. Rad1 Qh6 20. Ne6+ Bxe6 21. Qxh6 gxh6 22. Bxe6 Rd6 23. Bg4 Rad8 24. Be3 1-0

[Event "Almaty zt 3.4 (Women)"]
[Site "Almaty"]
[Date "2025.04.07"]
[Round "7"]
[White "Imomkuzieva, Nilufarkhon"]
[Black "Nurgaliyeva, Zarina"]
[Result "1/2-1/2"]
[WhiteElo "2126"]
[BlackElo "2199"]
[PlyCount "176"]
[EventDate "2025.04.02"]
[EventType "swiss"]
[EventRounds "9"]
[EventCountry "KAZ"]
[SourceTitle "CB15_2025"]
[SourceDate "2025.04.09"]
[SourceVersion "1"]
[SourceVersionDate "2025.04.09"]
[SourceQuality "1"]

1. e4 c6 2. d4 d5 3. Nc3 dxe4 4. Nxe4 Nf6 5. Nxf6+ exf6 6. c3 Bd6 7. Bd3 0-0 8. Qc2 Re8+ 9. Ne2 h6 10. 0-0 Nd7 11. Ng3 Nb6 12. Bd2 Be6 13. Rad1 Qc7 14. c4 Bf4 15. Ba5 Qc8 16. b3 Bg4 17. Rde1 Qd7 18. Bc3 Rad8 19. Ne4 Qc8 20. Qb2 Bf5 21. Bb1 h5 22. g3 Bc7 23. Qc2 Bg6 24. f4 Kh8 25. Qd1 f5 26. Ng5 Bd6 27. Nf3 Nd7 28. Nh4 Nf6 29. Bc2 Ng4 30. Qf3 Be7 31. Ng2 Nf6 32. Qd1 Bc5 33. Rxe8+ Nxe8 34. Qa1 Bb6 35. Nh4 Nf6 36. c5 Bc7 37. d5 Nxd5 38. Bxg7+ Kh7 39. Nf3 Ba5 40. Ng5+ Kg8 41. Bh8 f6 42. Bxf6 Re8 43. Bd4 Qd7 44. Nf3 Ne3 45. Bxe3 Rxe3 46. Ne5 Qd5 47. Nxg6 Qxc5 48. Kg2 Qxc2+ 49. Rf2 Bc3 50. Rxc2 Bxa1 51. Nh4 Rd3 52. Nxf5 Bf6 53. Re2 Kf7 54. Ne3 b5 55. h3 c5 56. g4 hxg4 57. hxg4 Ba1 58. Kf3 c4 59. bxc4 bxc4 60. Ke4 Rd4+ 61. Kf5 c3 62. Nc2 Rd2 63. Rxd2 cxd2 64. Ne3 Bd4 65. Nd1 Bb6 66. Ke4 Kf6 67. Kd3 Bc7 68. Ke3 Kg6 69. Nc3 a6 70. a4 Bd6 71. Kf3 Bb4 72. Nd1 Bd6 73. f5+ Kg5 74. Nf2 Bb4 75. Ke2 Ba5 76. Nd3 Bc3 77. Nf2 Ba5 78. Kd1 Bb4 79. Kc2 Ba5 80. Nd3 Kxg4 81. f6 Bd8 82. f7 Be7 83. Ne5+ Kf5 84. Nd7 Ke6 85. f8Q Bxf8 86. Nxf8+ Kd5 87. Nd7 Kc4 88. Nb6+ Kc5 1/2-1/2

[Event "Almaty zt 3.4 (Women)"]
[Site "Almaty"]
[Date "2025.04.04"]
[Round "3"]
[White "Altynbek, Aiaru"]
[Black "Nurgaliyeva, Zarina"]
[Result "0-1"]
[WhiteElo "1968"]
[BlackElo "2199"]
[PlyCount "84"]
[EventDate "2025.04.02"]
[EventType "swiss"]
[EventRounds "9"]
[EventCountry "KAZ"]
[SourceTitle "CB15_2025"]
[SourceDate "2025.04.09"]
[SourceVersion "1"]
[SourceVersionDate "2025.04.09"]
[SourceQuality "1"]

1. d4 Nf6 2. c4 e6 3. Nf3 Bb4+ 4. Bd2 Qe7 5. g3 Bxd2+ 6. Qxd2 Nc6 7. Nc3 d5 8. Bg2 dxc4 9. 0-0 0-0 10. e4 Rd8 11. Rfd1 Rb8 12. e5 Nd5 13. Nxd5 exd5 14. Nh4 f5 15. f4 Be6 16. Qf2 a5 17. h3 b5 18. Bf3 Qd7 19. Kh2 a4 20. Rg1 Rf8 21. Qe3 Qe7 22. Ng2 a3 23. b3 Rfd8 24. g4 Nb4 25. Qd2 Qf8 26. Ne3 fxg4 27. Nxg4 Kh8 28. Nf2 c5 29. dxc5 Qxc5 30. Rac1 Rf8 31. Rg5 Rbc8 32. Kg3 c3 33. Qe2 Qd4 34. f5 Bxf5 35. Rd1 Bd3 36. Nxd3 Nxd3 37. Kh2 c2 38. Rxd3 Qf4+ 39. Rg3 c1Q 40. e6 Rc2 41. e7 Rxe2+ 42. Bxe2 Qf2+ 0-1

[Event "Titled Tuesday intern op 18th Mar Late"]
[Site "Chess.com INT"]
[Date "2025.03.18"]
[Round "1"]
[White "Firouzja, Alireza"]
[Black "Nurgaliyeva, Zarina"]
[Result "1-0"]
[WhiteElo "2757"]
[BlackElo "2178"]
[PlyCount "111"]
[EventDate "2025.03.18"]
[EventType "swiss (blitz)"]
[EventRounds "11"]
[EventCountry "USA"]
[SourceTitle "CB13_2025"]
[SourceDate "2025.03.26"]
[SourceVersion "1"]
[SourceVersionDate "2025.03.26"]
[SourceQuality "1"]

1. e4 e5 2. Nf3 Nc6 3. Bb5 a6 4. Ba4 Nf6 5. 0-0 Be7 6. Qe2 b5 7. Bb3 d6 8. c3 0-0 9. d4 Bg4 10. Rd1 Qc8 11. h3 Bxf3 12. Qxf3 Na5 13. Bc2 c5 14. d5 Nd7 15. Nd2 c4 16. Nf1 Nb7 17. Ng3 g6 18. a4 Ndc5 19. Be3 f6 20. Ra3 Rb8 21. axb5 axb5 22. Ra7 Re8 23. h4 Nd8 24. h5 Nf7 25. Rda1 Rb7 26. Rxb7 Qxb7 27. Qg4 Qd7 28. Nf5 Ng5 29. Nxe7+ Rxe7 30. Qh4 h6 31. hxg6 Kg7 32. Bd1 Qe8 33. Bg4 Qxg6 34. f3 Na4 35. Kf1 Nxb2 36. Bh5 Qh7 37. Qg4 Na4 38. g3 Kh8 39. Bd2 Qg8 40. Rb1 Rb7 41. Qf5 Nc5 42. Qxf6+ Qg7 43. Qxd6 Nb3 44. Be3 Nxe4 45. fxe4 Qxg3 46. Qxh6+ Kg8 47. Qg5+ Rg7 48. Qxg3 Rxg3 49. Kf2 Rh3 50. Bg4 Rh2+ 51. Kf3 Rc2 52. d6 Rxc3 53. Rd1 Nd4+ 54. Rxd4 exd4 55. d7 Rxe3+ 56. Kf4 1-0

[Event "Wch U20 Girls 41st"]
[Site "Petrovac"]
[Date "2025.03.03"]
[Round "7"]
[White "Kirtadze, Anastasia"]
[Black "Nurgaliyeva, Zarina"]
[Result "0-1"]
[WhiteElo "2218"]
[BlackElo "2265"]
[PlyCount "60"]
[EventDate "2025.02.25"]
[EventType "swiss"]
[EventRounds "11"]
[EventCountry "MNE"]
[SourceTitle "CB11_2025"]
[SourceDate "2025.03.12"]
[SourceVersion "1"]
[SourceVersionDate "2025.03.12"]
[SourceQuality "1"]

1. e4 e5 2. Nf3 Nc6 3. d4 exd4 4. Nxd4 Nf6 5. Nxc6 bxc6 6. e5 Qe7 7. Qe2 Nd5 8. h4 Qe6 9. c4 Nb6 10. Nc3 Bb4 11. Bd2 Ba6 12. b3 0-0 13. f4 f6 14. Ne4 Bxd2+ 15. Qxd2 Qe7 16. c5 Bxf1 17. cxb6 Ba6 18. bxc7 d5 19. Qa5 dxe4 20. Qxa6 Qxc7 21. Qc4+ Kh8 22. Qxe4 fxe5 23. fxe5 Rad8 24. Rf1 Qa5+ 25. b4 Qa3 26. Rxf8+ Rxf8 27. Rb1 Qg3+ 28. Kd1 Rf1+ 29. Kc2 Rf2+ 30. Kd1 Qc3 0-1

[Event "Titled Tuesday intern op 28th Jan Early"]
[Site "Chess.com INT"]
[Date "2025.01.28"]
[Round "8"]
[White "Nurgaliyeva, Zarina"]
[Black "Matinian, Nikita"]
[Result "0-1"]
[WhiteElo "2263"]
[BlackElo "2415"]
[PlyCount "72"]
[EventDate "2025.01.28"]
[EventType "swiss (blitz)"]
[EventRounds "11"]
[EventCountry "USA"]
[SourceTitle "CB06_2025"]
[SourceDate "2025.02.05"]
[SourceVersion "1"]
[SourceVersionDate "2025.02.05"]
[SourceQuality "1"]

1. e4 c5 2. Nf3 e6 3. c3 d5 4. exd5 Qxd5 5. d4 Nf6 6. Na3 a6 7. Nc4 Nbd7 8. Be2 b5 9. Ne3 Qd6 10. a4 Rb8 11. axb5 axb5 12. 0-0 Be7 13. dxc5 Qxd1 14. Rxd1 Nxc5 15. Nd4 Bd7 16. Nxb5 Nb3 17. Ra6 Nxc1 18. Rxc1 Bxb5 19. Bxb5+ Rxb5 20. Ra8+ Bd8 21. Rd1 Nd7 22. b4 Rb8 23. Ra7 Nf6 24. Nc4 0-0 25. Ne5 Bb6 26. Ra6 Ne4 27. c4 Nxf2 28. Rda1 Nd3+ 29. Rxb6 Nxe5 30. Rxb8 Rxb8 31. b5 Nxc4 32. Rc1 Nb6 33. Rc6 Kf8 34. Kf2 Ke7 35. Kf3 Nd7 36. Ke4 Rxb5 0-1